| 000 | 00000nam 2200000zi 4500 |
| 001 | 9.952587 |
| 003 | CaOODSP |
| 005 | 20250821110454 |
| 006 | m o d f |
| 007 | cr |n||||||||| |
| 008 | 250623e198605##abc o f|0| 0 eng d |
| 040 | |aCaOODSP|beng|erda|cCaOODSP |
| 043 | |an-cn--- |
| 086 | 1 |aDR52-2/7-1986E-PDF |
| 245 | 02|aA brief history of DRES — 1941-1985 (U). |
| 246 | 13|aBrief history of Defence Research Establishment Suffield — 1941-1985 (U) |
| 246 | 16|aBrief history of DRES — 1941-1985 |
| 264 | 1|a[Ralston, Alberta] : |bDefence Research Establishment Suffield : |bNational Defence = Défense Nationale, |cMay 1986. |
| 300 | |a1 online resource (18 pages). |
| 336 | |atext|btxt|2rdacontent |
| 337 | |acomputer|bc|2rdamedia |
| 338 | |aonline resource|bcr|2rdacarrier |
| 490 | 1 |aSuffield special publication ; |vNo. 100 |
| 500 | |aDigitized edition from print [produced by Defence Research and Development Canada]. |
| 500 | |a"Project No. 261SA-11." |
| 500 | |a"Unclassified." |
| 610 | 20|aDefence Research Establishment Suffield|xHistory. |
| 650 | 0|aMilitary research|zAlberta|zSuffield|xHistory. |
| 650 | 6|aRecherche militaire|zAlberta|zSuffield|xHistoire. |
| 710 | 2 |aDefence Research Establishment Suffield, |eissuing body. |
| 830 | #0|aSuffield special publication ;|vNo. 100.|w(CaOODSP)9.926017 |
| 856 | 40|qPDF|s668 KB|uhttps://publications.gc.ca/collections/collection_2025/rddc-drdc/DR52-2-7-1986-eng.pdf |